000 002340000a22000970004500
100 1 _aNiringiye, Zac
245 1 0 _aThe future on the church in Africa
300 _aNum. 4, (2000), Páginas 20-21
773 0 _tGlobal Future
942 _cANA
999 _c53514
_d53514